[Event "Heusenstamm Sparkassen op 11th"]
[Site "Heusenstamm"]
[Date "2024.11.22"]
[Round "3"]
[White "Koehlich, Viktor"]
[Black "Gieringer, Clemens"]
[Result "1/2-1/2"]
[WhiteElo "1816"]
[BlackElo "1901"]
[PlyCount "38"]
[EventDate "2024.11.21"]
[EventType "swiss"]
[EventRounds "7"]
[EventCountry "GER"]
[SourceTitle "CB51_2024"]
[SourceDate "2024.12.18"]
[SourceVersion "1"]
[SourceVersionDate "2024.12.18"]
[SourceQuality "1"]

1. d4 d5 2. Nf3 c5 3. dxc5 e6 4. b4 a5 5. c3 b6 6. e3 bxc5 7. Bb5+ Bd7 8. Bxd7+ Nxd7 9. b5 a4 10. Bb2 Ngf6 11. 0-0 Be7 12. Qe2 0-0 13. Rd1 Qc7 14. c4 dxc4 15. Qxc4 Rfd8 16. Na3 Nd5 17. Rac1 Qa7 18. Qg4 N7f6 19. Qc4 Nd7 1/2-1/2